banner koha

Peroxidação em amostras de milho, protegidas ou não por etoxiquim (Registro n. 185425)

MARC details
000 -LÍDER
campo de controle de tamanho fixo 00888nas a2200325 4500
001 - NÚMERO DE CONTROLE
campo de controle BR0601534
003 - IDENTIFICADOR DO NÚMERO DE CONTROLE
campo de controle BR-BrBNA
005 - DATA E HORÁRIO DA ÚLTIMA TRANSAÇÃO
campo de controle 20231205105931.0
007 - CAMPO FIXO DE DESCRIÇÃO FÍSICA--INFORMAÇÃO GERAL
campo de controle de tamanho fixo ta
008 - CAMPO DE DADOS FIXOS--INFORMAÇÃO GERAL
campo de controle de tamanho fixo 230509b bl.|||p| |||| 00| 00por d
040 ## - FONTE DA CATALOGAÇÃO
Instituição da catalogação original BR-BrBNA
Idioma da catalogação por
Instituição que transcreveu o registro Biblioteca Nacional de Agricultura
041 ## - CÓDIGO DE IDIOMA
Código do idioma do texto/trilha sonora ou título diferente (Pt)
072 ## - CÓDIGO DE CATEGORIA DE ASSUNTO
Código de Categoria de Assunto Q53; Q54
100 1# - ENTRADA PRINCIPAL--NOME PESSOAL
Nome pessoal Fischer, G.
100 1# - ENTRADA PRINCIPAL--NOME PESSOAL
Nome pessoal Bermudez, V.L.
100 1# - ENTRADA PRINCIPAL--NOME PESSOAL
Nome pessoal Siqueira, E.B.
100 1# - ENTRADA PRINCIPAL--NOME PESSOAL
Nome pessoal Pino, F.A.B.D.
100 1# - ENTRADA PRINCIPAL--NOME PESSOAL
Nome pessoal Anciuti, M.A.
100 1# - ENTRADA PRINCIPAL--NOME PESSOAL
Nome pessoal Maier, J.C.
100 1# - ENTRADA PRINCIPAL--NOME PESSOAL
Nome pessoal Rutz, F.
245 1# - TÍTULO
Título Peroxidação em amostras de milho, protegidas ou não por etoxiquim
650 ## - ASSUNTO--TERMO TÓPICO
Cabeçalho tópico ou nome geográfico MILHO
650 ## - ASSUNTO--TERMO TÓPICO
Cabeçalho tópico ou nome geográfico ARMAZENAMENTO
650 ## - ASSUNTO--TERMO TÓPICO
Cabeçalho tópico ou nome geográfico ACIDEZ
650 ## - ASSUNTO--TERMO TÓPICO
Cabeçalho tópico ou nome geográfico ANÁLISE ORGANOLÉPTICA
650 ## - ASSUNTO--TERMO TÓPICO
Cabeçalho tópico ou nome geográfico IODO
773 0# - ENTRADA ANALÍTICA
Título Ciência Animal Brasileira (Brazil)
ISSN - International Standard Serial Number ISSN 1518-2797
Partes relacionadas
Número de controle do registro BR0601534
909 ## -
-- 202311
-- Lúcia
-- 55
-- Lúcia Elande
942 ## - ELEMENTOS DE ENTRADA ADICIONADOS (KOHA)
Fonte da classificação ou esquema de arquivamento na estante Classificação AGRIS
Ocultar no OPAC Não
Tipo de material Koha Analítica
Exemplares
Situação do descarte Fonte da classificação ou esquema de arquivamento na estante Situação física Não pode ser emprestado Biblioteca de origem Biblioteca atual Localização na estante Total de empréstimos Data de último acesso Número do exemplar Tipo de material Koha Fonte de aquisição
  Classificação AGRIS   Consulta local Biblioteca Nacional de Agricultura - Binagri Biblioteca Nacional de Agricultura - Binagri     29/11/2023 01 Periódicos Portaria Interministerial nº 164/94

BINAGRI

Telefone: (61)3218-2567/2388/3357/2097 - binagri@agro.gov.br

Ministério da Agricultura e Pecuária , Esplanada dos Ministérios, Bloco D, Anexo B, Brasília/DF, CEP: 70.043-900